[Event "CZE-chT1W 2223"]
[Site "Czech Republic"]
[Date "2022.12.11"]
[Round "5.2"]
[White "Cerveny, Martin"]
[Black "Brozka, Karel"]
[Result "1-0"]
[WhiteElo "2404"]
[BlackElo "2161"]
[PlyCount "79"]
[EventDate "2022.10.09"]
[EventType "team-tourn"]
[EventRounds "11"]
[EventCountry "CZE"]
[SourceTitle "CBM 213 Extra"]
[Source "ChessBase"]
[SourceDate "2023.05.31"]
[SourceVersion "1"]
[SourceVersionDate "2023.05.31"]
[SourceQuality "1"]
[WhiteTeam "Lysa nad Labem II"]
[BlackTeam "Polabiny III"]
[WhiteTeamCountry "CZE"]
[BlackTeamCountry "CZE"]

1. Nf3 Nf6 2. d4 e6 3. c4 d5 4. e3 c6 5. Nbd2 Nbd7 6. Bd3 Bd6 7. e4 dxe4 8. Nxe4 Nxe4 9. Bxe4 Nf6 10. Bc2 b6 11. 0-0 Qc7 12. Re1 Bb7 13. h3 0-0-0 14. Qe2 h6 15. Be3 c5 16. dxc5 Bxc5 17. Bxc5 bxc5 18. b4 Qf4 19. Qe5 Qxc4 20. Bb3 Qxb4 21. Rab1 Nd7 22. Qg3 Qa5 23. Ne5 Nxe5 24. Rxe5 Rd7 25. Rc1 Rc7 26. Qxg7 Rd8 27. Qxh6 Bd5 28. Bxd5 exd5 29. Qg5 c4 30. h4 c3 31. h5 Qa3 32. Qf5+ Rcd7 33. Rd1 Qb2 34. Rdxd5 c2 35. Rc5+ Kb8 36. Rxc2 Qd4 37. Rb5+ Ka8 38. Qf3+ Rd5 39. Rxd5 Rxd5 40. g3 1-0

[Event "Pardubice Czech op-A 33rd"]
[Site "Pardubice"]
[Date "2022.07.25"]
[Round "4"]
[White "Brozka, Karel"]
[Black "Butkiewicz, Lukasz"]
[Result "1/2-1/2"]
[WhiteElo "2188"]
[BlackElo "2370"]
[PlyCount "73"]
[EventDate "2022.07.22"]
[EventType "swiss"]
[EventRounds "9"]
[EventCountry "CZE"]
[SourceTitle "CBM 209 Extra"]
[Source "ChessBase"]
[SourceDate "2022.09.30"]
[SourceVersion "1"]
[SourceVersionDate "2022.09.30"]
[SourceQuality "1"]

1. d4 Nf6 2. c4 e6 3. Nf3 c5 4. d5 exd5 5. cxd5 d6 6. Nc3 g6 7. e4 a6 8. a4 Bg4 9. Be2 Bxf3 10. Bxf3 Bg7 11. 0-0 0-0 12. Bf4 Qe7 13. Re1 Nbd7 14. Qd2 Rab8 15. Be2 Rfc8 16. f3 Qf8 17. Be3 c4 18. a5 Nc5 19. Bxc5 Rxc5 20. Na4 Rc7 21. Qb4 Nh5 22. g3 Qe7 23. Rad1 Re8 24. Kg2 Qg5 25. Qd2 Qxd2 26. Rxd2 f5 27. exf5 gxf5 28. f4 Nf6 29. Nc3 Ne4 30. Bf3 Bxc3 31. bxc3 Rc5 32. g4 Nxd2 33. Rxe8+ Kf7 34. Rb8 Nxf3 35. Rxb7+ Kg6 36. Kxf3 Rxd5 37. gxf5+ 1/2-1/2

[Event "Pardubice Czech op-A 33rd"]
[Site "Pardubice"]
[Date "2022.07.22"]
[Round "1"]
[White "Brozka, Karel"]
[Black "Livaic, Leon"]
[Result "1/2-1/2"]
[WhiteElo "2188"]
[BlackElo "2576"]
[PlyCount "115"]
[EventDate "2022.07.22"]
[EventType "swiss"]
[EventRounds "9"]
[EventCountry "CZE"]
[SourceTitle "CBM 209 Extra"]
[Source "ChessBase"]
[SourceDate "2022.09.30"]
[SourceVersion "1"]
[SourceVersionDate "2022.09.30"]
[SourceQuality "1"]

1. d4 Nf6 2. c4 e6 3. Nf3 c5 4. d5 d6 5. Nc3 exd5 6. cxd5 g6 7. e4 a6 8. a4 Bg4 9. Be2 Bxf3 10. Bxf3 Nbd7 11. 0-0 Bg7 12. Bg5 0-0 13. Qc2 Rb8 14. Be2 Re8 15. Rfe1 Qc7 16. a5 Qc8 17. Bf4 Ne5 18. Bg3 b5 19. axb6 Rxb6 20. f4 Neg4 21. h3 Ne3 22. Qd3 Rxb2 23. Qxe3 Rb3 24. Qd2 Nxe4 25. Nxe4 Rxe4 26. Bxa6 Rxe1+ 27. Qxe1 Qb8 28. Rc1 Bb2 29. Rd1 Bc3 30. Qe4 Rb4 31. Qe2 Rb2 32. Qc4 Bd4+ 33. Kh2 Qa8 34. f5 Qd8 35. fxg6 hxg6 36. Rf1 Qg5 37. Qd3 Qxd5 38. Qf3 Qxf3 39. Rxf3 d5 40. Rd3 f5 41. Bc8 Kf7 42. Bd7 Rb1 43. Bf4 Bg1+ 44. Kg3 d4 45. Bc6 Kf6 46. Bd5 g5 47. Bc7 Rc1 48. Ra3 c4 49. Bd8+ Ke5 50. Bxg5 Be3 51. Bxe3 dxe3 52. Bxc4 f4+ 53. Kf3 Rxc4 54. g3 fxg3 55. Rxe3+ Kf6 56. Kxg3 Kg7 57. Ra3 Kh7 58. h4 1/2-1/2

[Event "CZE-ch U14"]
[Site "Luhacovice"]
[Date "2022.03.17"]
[Round "7"]
[White "Brozka, Karel"]
[Black "Svoboda, Daniel"]
[Result "1-0"]
[WhiteElo "2125"]
[BlackElo "1619"]
[PlyCount "51"]
[EventDate "2022.03.12"]
[EventType "swiss"]
[EventRounds "9"]
[EventCountry "CZE"]
[SourceTitle "EXT 2023"]
[Source "ChessBase"]
[SourceDate "2022.10.05"]
[SourceVersion "1"]
[SourceVersionDate "2022.10.05"]
[SourceQuality "1"]

1. d4 Nf6 2. c4 g6 3. Nc3 d5 4. Nf3 Bg7 5. Bf4 0-0 6. e3 c5 7. Qb3 cxd4 8. Nxd4 dxc4 9. Bxc4 Nc6 10. Nxc6 bxc6 11. 0-0 Qa5 12. e4 e5 13. Be3 Ba6 14. Rac1 Bxc4 15. Qxc4 Rfc8 16. Rfd1 Rab8 17. b3 c5 18. Qe2 h5 19. Nd5 Nxd5 20. Rxd5 Qa3 21. Rc4 Qa6 22. Qc2 Qa5 23. h3 Qe1+ 24. Kh2 Bf8 25. Rd7 a5 26. Rd1 1-0

[Event "CZE-ch U14"]
[Site "Luhacovice"]
[Date "2022.03.14"]
[Round "4"]
[White "Brozka, Karel"]
[Black "Prazak, Daniel"]
[Result "1/2-1/2"]
[WhiteElo "2125"]
[BlackElo "2016"]
[PlyCount "95"]
[EventDate "2022.03.12"]
[EventType "swiss"]
[EventRounds "9"]
[EventCountry "CZE"]
[SourceTitle "EXT 2023"]
[Source "ChessBase"]
[SourceDate "2022.10.05"]
[SourceVersion "1"]
[SourceVersionDate "2022.10.05"]
[SourceQuality "1"]

1. d4 Nf6 2. c4 e6 3. Nc3 d5 4. Bg5 c6 5. cxd5 exd5 6. e3 Nbd7 7. Bd3 Be7 8. Nf3 0-0 9. 0-0 Re8 10. Qc2 Nf8 11. Rab1 a5 12. a3 Ng6 13. b4 axb4 14. axb4 Bd6 15. Ne2 h6 16. Bxf6 Qxf6 17. Ng3 Bg4 18. Nd2 h5 19. h3 Bc8 20. Rfe1 Bxg3 21. fxg3 Qd6 22. Nf1 Bd7 23. Qc5 Qf6 24. b5 Bf5 25. Bxf5 Qxf5 26. Rb2 Rac8 27. bxc6 bxc6 28. Ree2 Qe6 29. Rb6 Nf8 30. Rb7 Nd7 31. Qb4 Nf6 32. Rf2 Rcd8 33. Rb6 Ne4 34. Rf3 Qd6 35. Qxd6 Rxd6 36. Rb7 f6 37. Rb2 Ra8 38. Nd2 Ra1+ 39. Kh2 Ng5 40. Rf1 Rxf1 41. Nxf1 Re6 42. g4 hxg4 43. hxg4 Ne4 44. Re2 Kf7 45. Ng3 Nxg3 46. Kxg3 Kg6 47. Kf3 Kg5 48. Rc2 1/2-1/2

[Event "CZE-chT1W 2122"]
[Site "Czech Republic"]
[Date "2022.02.06"]
[Round "8.5"]
[White "Nemec, Jachym"]
[Black "Brozka, Karel"]
[Result "0-1"]
[WhiteElo "2286"]
[BlackElo "2140"]
[PlyCount "70"]
[EventDate "2021.10.10"]
[EventType "team-tourn"]
[EventRounds "11"]
[EventCountry "CZE"]
[SourceTitle "EXT 2023"]
[Source "ChessBase"]
[SourceDate "2022.10.05"]
[SourceVersion "1"]
[SourceVersionDate "2022.10.05"]
[SourceQuality "1"]
[WhiteTeam "Ricany Betsys"]
[BlackTeam "Polabiny II"]
[WhiteTeamCountry "CZE"]
[BlackTeamCountry "CZE"]

1. d4 Nf6 2. c4 e6 3. Nc3 Bb4 4. e3 0-0 5. Nf3 d5 6. Bd3 b6 7. 0-0 Bb7 8. Bd2 c5 9. a3 cxd4 10. axb4 dxc3 11. Bxc3 dxc4 12. Bxc4 Qe7 13. Qe2 Nd5 14. Bxd5 Bxd5 15. e4 Bb7 16. Rfd1 Nd7 17. Nd4 Nf6 18. f3 Rfd8 19. Qf2 Rd7 20. Nb5 Bc6 21. Rxd7 Qxd7 22. Bxf6 gxf6 23. Qg3+ Kf8 24. Nc3 Qd4+ 25. Kh1 Qxb4 26. Rd1 Qe7 27. Qh4 Rd8 28. Re1 Kg7 29. e5 Rd7 30. Qg4+ Kf8 31. Qh5 fxe5 32. Qxe5 Qh4 33. Ra1 Ke7 34. Qb8 Qf2 35. h3 Qxb2 0-1

[Event "Prague op-A 20th"]
[Site "Prague"]
[Date "2022.01.08"]
[Round "2"]
[White "Kozak, Antoni"]
[Black "Brozka, Karel"]
[Result "1-0"]
[WhiteElo "2377"]
[BlackElo "2139"]
[PlyCount "75"]
[EventDate "2022.01.07"]
[EventType "swiss"]
[EventRounds "9"]
[EventCountry "CZE"]
[SourceTitle "CBM 206 Extra"]
[Source "ChessBase"]
[SourceDate "2022.03.31"]
[SourceVersion "1"]
[SourceVersionDate "2022.03.31"]
[SourceQuality "1"]

1. e4 c6 2. d4 d5 3. exd5 cxd5 4. Bd3 Nc6 5. c3 Nf6 6. h3 g6 7. Bf4 Bg7 8. Nf3 Bf5 9. Be2 0-0 10. Nbd2 Ne4 11. 0-0 Rc8 12. Re1 Nxd2 13. Qxd2 Re8 14. Rad1 Qa5 15. a3 b5 16. Nh2 Qb6 17. Nf1 Na5 18. b4 Nb7 19. Ne3 Be6 20. Bf3 Qc6 21. Qa2 Red8 22. Rc1 Qd7 23. Nd1 Bf5 24. Qe2 e6 25. Nb2 h6 26. g4 g5 27. gxf5 gxf4 28. fxe6 Qxe6 29. Qxe6 fxe6 30. Bg4 Rc7 31. Bxe6+ Kh8 32. Nd3 Bf6 33. Kg2 Rd6 34. Kf3 Nd8 35. Bf5 Nf7 36. Nxf4 Bg5 37. Re8+ Kg7 38. Nh5# 1-0

[Event "Prague Summer op-A 8th"]
[Site "Prague"]
[Date "2021.08.08"]
[Round "3"]
[White "Brozka, Karel"]
[Black "Humburg, Philipp"]
[Result "1-0"]
[WhiteElo "2054"]
[BlackElo "2245"]
[PlyCount "77"]
[EventDate "2021.08.06"]
[EventType "swiss"]
[EventRounds "9"]
[EventCountry "CZE"]
[SourceTitle "CBM 203 Extra"]
[Source "ChessBase"]
[SourceDate "2021.09.30"]
[SourceVersion "1"]
[SourceVersionDate "2021.09.30"]
[SourceQuality "1"]

1. d4 f5 2. c4 Nf6 3. Nc3 e6 4. Bg5 h6 5. Bxf6 Qxf6 6. e3 g6 7. Bd3 Bg7 8. Nge2 0-0 9. Qc2 d6 10. e4 Nc6 11. exf5 Nxd4 12. Nxd4 Qxd4 13. fxe6 Qe5+ 14. Be2 Bxe6 15. 0-0 Qg5 16. Bd3 Be5 17. Ne4 Qf4 18. g3 Qf7 19. f4 Bd4+ 20. Kg2 Rae8 21. Nd2 Kg7 22. Nf3 Bf6 23. Rae1 Re7 24. Ng5 hxg5 25. fxg5 Bd5+ 26. Be4 Bxe4+ 27. Rxe4 Qe8 28. gxf6+ Rxf6 29. Rxe7+ Qxe7 30. Rxf6 Qxf6 31. Qc3 c6 32. Qxf6+ Kxf6 33. Kf3 Ke5 34. h4 a5 35. b3 a4 36. g4 axb3 37. axb3 b5 38. cxb5 cxb5 39. Ke3 1-0

[Event "Prague Summer op-A 8th"]
[Site "Prague"]
[Date "2021.08.08"]
[Round "4"]
[White "Djidjeli, Sofiane"]
[Black "Brozka, Karel"]
[Result "0-1"]
[WhiteElo "2223"]
[BlackElo "2054"]
[PlyCount "92"]
[EventDate "2021.08.06"]
[EventType "swiss"]
[EventRounds "9"]
[EventCountry "CZE"]
[SourceTitle "CBM 203 Extra"]
[Source "ChessBase"]
[SourceDate "2021.09.30"]
[SourceVersion "1"]
[SourceVersionDate "2021.09.30"]
[SourceQuality "1"]

1. e4 c6 2. d4 d5 3. e5 c5 4. dxc5 e6 5. a3 Bxc5 6. b4 Bf8 7. Nf3 a5 8. bxa5 Nc6 9. Bd2 Nge7 10. Nc3 Ng6 11. Bb5 Bd7 12. 0-0 Nxa5 13. Qe2 Be7 14. Rfb1 0-0 15. Bxd7 Qxd7 16. Qb5 Qxb5 17. Rxb5 Nc4 18. Rxb7 Nxa3 19. Ra2 Nc4 20. Be3 Rxa2 21. Nxa2 Ra8 22. Ba7 Na5 23. Rb8+ Rxb8 24. Bxb8 Nc6 25. Bc7 Kf8 26. Nc1 Bb4 27. Nd3 Ke8 28. Nxb4 Nxb4 29. Ne1 Kd7 30. Bd6 Nc6 31. Nd3 Nd4 32. Ba3 Nxc2 33. Bb2 Kc6 34. Kf1 Kb5 35. Ke2 Nb4 36. Nxb4 Kxb4 37. Ke3 Kc4 38. g4 Ne7 39. f4 Nc6 40. f5 d4+ 41. Ke4 d3 42. Bc1 Kc3 43. h4 d2 44. Bxd2+ Kxd2 45. h5 Kc3 46. g5 g6 0-1

[Event "Prague Futures 3rd"]
[Site "Prague"]
[Date "2021.06.20"]
[Round "7"]
[White "Vojta, Jakub"]
[Black "Brozka, Karel"]
[Result "1-0"]
[WhiteElo "2111"]
[BlackElo "2080"]
[PlyCount "95"]
[EventDate "2021.06.14"]
[EventType "tourn"]
[EventRounds "7"]
[EventCountry "CZE"]
[SourceTitle "CBM 203 Extra"]
[Source "ChessBase"]
[SourceDate "2021.09.30"]
[SourceVersion "1"]
[SourceVersionDate "2021.09.30"]
[SourceQuality "1"]

1. Nf3 Nf6 2. b3 g6 3. Bb2 Bg7 4. g3 d6 5. d4 0-0 6. Bg2 c5 7. 0-0 cxd4 8. Nxd4 Qb6 9. c4 Nc6 10. Nxc6 bxc6 11. Nc3 Rb8 12. e4 Be6 13. Na4 Qc7 14. f4 Rb4 15. Bc3 Rxa4 16. bxa4 Bxc4 17. Re1 Qb6+ 18. Bd4 c5 19. Bc3 Rd8 20. Qc2 Be6 21. Rab1 Qa6 22. Rb2 Bd7 23. a5 Bc6 24. Qe2 Qxe2 25. Rexe2 Nd7 26. Bxg7 Kxg7 27. Red2 Nf6 28. Re2 Nd7 29. Kf2 Rb8 30. Rxb8 Nxb8 31. Rd2 f6 32. e5 fxe5 33. fxe5 dxe5 34. Bxc6 Nxc6 35. Rd7 Nxa5 36. Rxa7 Nc4 37. Rxe7+ Kf6 38. Rxh7 Ke6 39. h4 Kf5 40. Rc7 Nd6 41. Ke3 c4 42. a4 Kg4 43. Rc6 Nf5+ 44. Ke4 Nxg3+ 45. Kxe5 Kxh4 46. Rxg6 c3 47. Rc6 Ne2 48. a5 1-0

[Event "Prague Futures 3rd"]
[Site "Prague"]
[Date "2021.06.16"]
[Round "3"]
[White "Smolik, Jachym"]
[Black "Brozka, Karel"]
[Result "1-0"]
[WhiteElo "2073"]
[BlackElo "2080"]
[PlyCount "147"]
[EventDate "2021.06.14"]
[EventType "tourn"]
[EventRounds "7"]
[EventCountry "CZE"]
[SourceTitle "CBM 203 Extra"]
[Source "ChessBase"]
[SourceDate "2021.09.30"]
[SourceVersion "1"]
[SourceVersionDate "2021.09.30"]
[SourceQuality "1"]

1. d4 Nf6 2. Nf3 e6 3. e3 d5 4. Bd3 Be7 5. 0-0 0-0 6. c4 b6 7. Nc3 Ba6 8. Qe2 Nbd7 9. Rd1 Rc8 10. cxd5 Bxd3 11. Qxd3 exd5 12. Ne5 c6 13. Nxd7 Qxd7 14. Bd2 Bd6 15. Rac1 Qg4 16. h3 Qe6 17. Be1 Rfe8 18. Rc2 Nh5 19. Qe2 Qg6 20. Rdc1 Nf4 21. Qg4 Qxg4 22. hxg4 Nd3 23. Rd1 Nb4 24. Rcc1 Kf8 25. a3 Na6 26. Rc2 Ke7 27. f3 Nc7 28. Rdc1 Kd7 29. Kf2 Ne6 30. Bd2 Rh8 31. Rh1 h6 32. Ke2 Rhe8 33. Kd3 Nc7 34. Rh5 f6 35. Rc1 a6 36. Rb1 b5 37. Na2 Rb8 38. Rc1 Ne6 39. Rc2 Rec8 40. Bb4 Bxb4 41. Nxb4 Ra8 42. Kd2 Kd6 43. b3 a5 44. Nd3 Re8 45. Rh1 Ra7 46. Rhc1 Rc7 47. Nc5 Nxc5 48. Rxc5 Ra8 49. Kd3 a4 50. b4 Re8 51. e4 dxe4+ 52. fxe4 Rb8 53. d5 Rb6 54. Kd4 g6 55. R1c3 Rc8 56. Rf3 Rf8 57. Rxf6+ Rxf6 58. e5+ Kd7 59. exf6 cxd5 60. Rxd5+ Ke6 61. Kc5 Rb8 62. Rd6+ Kf7 63. g5 hxg5 64. g4 Re8 65. Kxb5 Re4 66. Ka6 Re3 67. b5 Rxa3 68. b6 Rb3 69. b7 a3 70. Ka7 a2 71. Ra6 a1Q 72. Rxa1 Rxb7+ 73. Kxb7 Kxf6 74. Re1 1-0

[Event "Prague Futures 3rd"]
[Site "Prague"]
[Date "2021.06.14"]
[Round "1"]
[White "Hlavina, Matous"]
[Black "Brozka, Karel"]
[Result "1/2-1/2"]
[WhiteElo "2119"]
[BlackElo "2080"]
[PlyCount "82"]
[EventDate "2021.06.14"]
[EventType "tourn"]
[EventRounds "7"]
[EventCountry "CZE"]
[SourceTitle "CBM 203 Extra"]
[Source "ChessBase"]
[SourceDate "2021.09.30"]
[SourceVersion "1"]
[SourceVersionDate "2021.09.30"]
[SourceQuality "1"]

1. e4 d5 2. exd5 Nf6 3. d4 Nxd5 4. c4 Nb6 5. Nc3 g6 6. Be3 Bg7 7. Qd2 Nc6 8. Rd1 Bf5 9. Nf3 Bg4 10. c5 Bxf3 11. gxf3 Nd5 12. Bc4 e6 13. 0-0 0-0 14. Kg2 Nce7 15. Bg5 c6 16. Bxd5 exd5 17. Rfe1 f6 18. Bf4 Nf5 19. Qd3 Qd7 20. Bg3 Rae8 21. b4 h5 22. h3 a6 23. a4 Rxe1 24. Rxe1 Re8 25. Rb1 Bh6 26. b5 axb5 27. axb5 Qe6 28. bxc6 bxc6 29. Rb6 h4 30. Bd6 Qe1 31. Rb1 Re3 32. Rxe1 Rxd3 33. Ne2 Rd2 34. f4 Bf8 35. Bxf8 Kxf8 36. Kf3 Rd3+ 37. Kg4 Rd2 38. Kf3 Rd3+ 39. Kg4 Nh6+ 40. Kxh4 Nf5+ 41. Kg4 Nh6+ 1/2-1/2

[Event "EU-ch Amateur Online Final 2000/2300"]
[Site "Tornelo INT"]
[Date "2021.04.28"]
[Round "7"]
[White "Brozka, Karel"]
[Black "Papasimakopoulos, Alexandros"]
[Result "0-1"]
[WhiteElo "2080"]
[BlackElo "2251"]
[PlyCount "78"]
[EventDate "2021.04.28"]
[EventType "swiss (rapid)"]
[EventRounds "9"]
[EventCountry "NET"]
[SourceTitle "EXT 2023"]
[Source "ChessBase"]
[SourceDate "2022.10.05"]
[SourceVersion "1"]
[SourceVersionDate "2022.10.05"]
[SourceQuality "1"]

1. d4 e6 2. c4 Nf6 3. Nc3 Bb4 4. Bg5 h6 5. Bh4 g5 6. Bg3 Ne4 7. Qc2 f5 8. f3 Nxg3 9. hxg3 Qf6 10. e3 Nc6 11. Bd3 Bf8 12. a3 Bg7 13. Nge2 d6 14. g4 0-0 15. gxf5 exf5 16. Nd5 Qf7 17. 0-0-0 Nd8 18. Ng3 c6 19. Nc3 f4 20. exf4 Qxf4+ 21. Kb1 Qxg3 22. Ne2 Qf2 23. Bh7+ Kh8 24. Be4 Ne6 25. Qd2 d5 26. cxd5 cxd5 27. Bxd5 Nc7 28. Be4 Bf5 29. Bxf5 Rxf5 30. g4 Rxf3 31. Qxg5 Rf6 32. Nc3 Ne6 33. Qb5 Nxd4 34. Qxb7 Re8 35. Qd7 Rfe6 36. g5 Rb8 37. Na4 Re2 38. Rc1 Rexb2+ 39. Ka1 Ra2# 0-1

[Event "EU-Cup Online Gr-A"]
[Site "Tornelo INT"]
[Date "2021.03.28"]
[Round "8.3"]
[White "Frick, Renato"]
[Black "Brozka, Karel"]
[Result "0-1"]
[WhiteElo "1947"]
[BlackElo "2080"]
[PlyCount "74"]
[EventDate "2021.03.27"]
[EventType "team-tourn (rapid)"]
[EventRounds "9"]
[EventCountry "NET"]
[SourceTitle "CBM 201 Extra"]
[Source "ChessBase"]
[SourceDate "2021.05.31"]
[SourceVersion "1"]
[SourceVersionDate "2021.05.31"]
[SourceQuality "1"]
[WhiteTeam "Triesen"]
[BlackTeam "Bohemian Fire II"]
[WhiteTeamCountry "LIE"]
[BlackTeamCountry "CZE"]

1. e4 c6 2. d4 d5 3. e5 c5 4. c3 Nc6 5. Nf3 Bg4 6. Be2 e6 7. 0-0 Nge7 8. Be3 Nf5 9. Na3 cxd4 10. cxd4 Qb6 11. Nc2 Be7 12. Qd2 0-0 13. Rab1 Nb4 14. Nxb4 Bxb4 15. Qd3 Rac8 16. a3 Be7 17. b4 Bh5 18. Rbc1 Bg6 19. Qb5 Nxe3 20. fxe3 f6 21. Bd3 Bxd3 22. Qxd3 Rc6 23. b5 Rc7 24. Rxc7 Qxc7 25. exf6 Bxf6 26. h4 Rc8 27. Ng5 Bxg5 28. hxg5 Qg3 29. g6 hxg6 30. Rb1 Rf8 31. Qe2 b6 32. a4 Rf5 33. Rc1 Rh5 34. Rc2 Qh2+ 35. Kf1 Rf5+ 36. Ke1 Qg1+ 37. Kd2 Rf2 0-1

[Event "EU-Cup Online Gr-A"]
[Site "Tornelo INT"]
[Date "2021.03.27"]
[Round "1.4"]
[White "Brozka, Karel"]
[Black "Sharafiev, Azat"]
[Result "0-1"]
[WhiteElo "2080"]
[BlackElo "2432"]
[PlyCount "76"]
[EventDate "2021.03.27"]
[EventType "team-tourn (rapid)"]
[EventRounds "9"]
[EventCountry "NET"]
[SourceTitle "CBM 201 Extra"]
[Source "ChessBase"]
[SourceDate "2021.05.31"]
[SourceVersion "1"]
[SourceVersionDate "2021.05.31"]
[SourceQuality "1"]
[WhiteTeam "Bohemian Fire II"]
[BlackTeam "Kazan Ladya"]
[WhiteTeamCountry "CZE"]
[BlackTeamCountry "RUS"]

1. d4 Nf6 2. c4 g6 3. Nc3 Bg7 4. Nf3 0-0 5. e4 d6 6. Be2 e5 7. dxe5 dxe5 8. Qxd8 Rxd8 9. Bg5 c6 10. 0-0 Bg4 11. Rfd1 Nbd7 12. b4 Nf8 13. Be3 Rxd1+ 14. Rxd1 Ne6 15. c5 a5 16. b5 Bxf3 17. gxf3 Nd4 18. Bxd4 exd4 19. Rxd4 Nh5 20. Rc4 Nf4 21. Kf1 Bxc3 22. Rxc3 Nxe2 23. Kxe2 cxb5 24. Rb3 b4 25. Kd3 Rd8+ 26. Kc4 Rd2 27. Kb5 Rxa2 28. Kb6 Rc2 29. Kb5 Kg7 30. f4 Kf6 31. Kb6 Rc3 32. Rb1 b3 33. Kxb7 a4 34. c6 a3 35. e5+ Kg7 36. c7 a2 37. Ra1 b2 38. Rxa2 b1Q+ 0-1

[Event "Wch FIDE Online U12 Europe qual"]
[Site "Tornelo INT"]
[Date "2020.12.09"]
[Round "6"]
[White "Kiladze, Luka"]
[Black "Brozka, Karel"]
[Result "1-0"]
[WhiteElo "1539"]
[BlackElo "1776"]
[PlyCount "105"]
[EventDate "2020.12.07"]
[EventType "swiss (rapid)"]
[EventRounds "7"]
[EventCountry "ISS"]
[SourceTitle "EXT 2022"]
[Source "ChessBase"]
[SourceDate "2021.10.06"]
[SourceVersion "1"]
[SourceVersionDate "2021.10.06"]
[SourceQuality "1"]

1. d4 Nf6 2. c4 c5 3. d5 b5 4. cxb5 a6 5. b6 d6 6. Nc3 Nbd7 7. e4 g6 8. g3 Bg7 9. Bg2 0-0 10. Nf3 Qxb6 11. 0-0 a5 12. Qc2 Ba6 13. Re1 Ng4 14. Bg5 Rfe8 15. Rad1 Rab8 16. Bc1 Nge5 17. Nxe5 Nxe5 18. f4 Nd3 19. e5 Nxe1 20. Rxe1 dxe5 21. fxe5 c4+ 22. Kh1 Qd4 23. Re4 Qb6 24. Re2 Bc8 25. Be3 Qc7 26. Bf4 Bf5 27. Qd2 Qb6 28. Ne4 Qb4 29. Qc1 Rbd8 30. Bd2 Qb5 31. Nc3 Qb8 32. Bf4 Qb6 33. Be3 Qb4 34. Bd2 Bd3 35. Re1 Rb8 36. Nd1 Qa4 37. Bc3 Qxa2 38. Nf2 Bf5 39. g4 Bd3 40. Qe3 Rb3 41. g5 Qa4 42. Ng4 Rbb8 43. Nh6+ Bxh6 44. gxh6 Rb3 45. Qd4 Rxc3 46. bxc3 Qc2 47. e6 f6 48. d6 Qd2 49. Rg1 Qxh6 50. Bc6 Qf8 51. Bxe8 Qxe8 52. d7 Qd8 53. Re1 1-0

[Event "Wch FIDE Online U12 Europe qual"]
[Site "Tornelo INT"]
[Date "2020.12.07"]
[Round "1"]
[White "Brozka, Karel"]
[Black "Govoreanu, Matei"]
[Result "1-0"]
[WhiteElo "1776"]
[BlackElo "1640"]
[PlyCount "99"]
[EventDate "2020.12.07"]
[EventType "swiss (rapid)"]
[EventRounds "7"]
[EventCountry "ISS"]
[SourceTitle "EXT 2022"]
[Source "ChessBase"]
[SourceDate "2021.10.06"]
[SourceVersion "1"]
[SourceVersionDate "2021.10.06"]
[SourceQuality "1"]

1. d4 Nf6 2. c4 e5 3. dxe5 Ng4 4. Nf3 Nc6 5. Nc3 Ngxe5 6. e3 Bb4 7. Bd2 Qe7 8. a3 Bxc3 9. Bxc3 d6 10. Be2 0-0 11. 0-0 Bf5 12. Nd4 Bg6 13. f4 Nd7 14. f5 Qxe3+ 15. Rf2 Rae8 16. Nxc6 bxc6 17. Bd4 Qe4 18. fxg6 fxg6 19. Rxf8+ Rxf8 20. Bf3 Qe7 21. Qe2 Qg5 22. Qe6+ Rf7 23. Bxc6 Nf8 24. Qe3 Qxe3+ 25. Bxe3 Re7 26. Bd5+ Ne6 27. Bg5 Re8 28. Re1 Kf7 29. Bxe6+ Rxe6 30. Rxe6 Kxe6 31. Kf2 c6 32. Ke3 d5 33. cxd5+ Kxd5 34. Kd3 a6 35. Be7 h5 36. Bf8 Ke5 37. Bxg7+ Kd5 38. h4 c5 39. b3 Kc6 40. Kc4 Kd6 41. Bf8+ Kc6 42. Bxc5 a5 43. b4 axb4 44. axb4 Kc7 45. b5 Kb7 46. Be3 Kc7 47. Kc5 Kb7 48. b6 Kb8 49. Kc6 Kc8 50. b7+ 1-0